Euroviisujen voittajamaat - Statistics

Yleistilastot
  • Tätä visaa on pelattu 314 kertaa
  • Keskiarvotulos 61 / 67
Vastaustilastot
vuosi voittajamaa % Oikein
1974 Ruotsi
99%
1984 Ruotsi
99%
1991 Ruotsi
99%
1999 Ruotsi
99%
2012 Ruotsi
99%
2015 Ruotsi
99%
2023 Ruotsi
99%
2006 Suomi
98%
1964 Italia
97%
1990 Italia
97%
2021 Italia
97%
1985 Norja
97%
1995 Norja
97%
2009 Norja
97%
1970 Irlanti
95%
1980 Irlanti
95%
1987 Irlanti
95%
1992 Irlanti
95%
1993 Irlanti
95%
1994 Irlanti
95%
1996 Irlanti
95%
2004 Ukraina
95%
2016 Ukraina
95%
2022 Ukraina
95%
1958 Ranska
94%
1960 Ranska
94%
1962 Ranska
94%
1977 Ranska
94%
1982 Saksa
94%
2010 Saksa
94%
2001 Viro
94%
2002 Latvia
93%
2008 Venäjä
93%
1957 Alankomaat
92%
1959 Alankomaat
92%
1975 Alankomaat
92%
2019 Alankomaat
92%
1968 Espanja
92%
1969 Espanja
92%
1978 Israel
92%
1979 Israel
92%
1998 Israel
92%
2018 Israel
92%
1967 Iso-Britannia
91%
1976 Iso-Britannia
91%
1981 Iso-Britannia
91%
1997 Iso-Britannia
91%
2017 Portugali
91%
1966 Itävalta
90%
2014 Itävalta
90%
2005 Kreikka
90%
1956 Sveitsi
90%
1988 Sveitsi
90%
1963 Tanska
89%
2000 Tanska
89%
2013 Tanska
89%
1986 Belgia
87%
1961 Luxemburg
84%
1965 Luxemburg
84%
1972 Luxemburg
84%
1973 Luxemburg
84%
1983 Luxemburg
84%
2007 Serbia
84%
2003 Turkki
71%
2011 Azerbaidzan
64%
1971 Monaco
63%
1989 Jugoslavia
55%
Ehtoja vastaavia visoja ei löytynyt
Tulosjakauma
Jokaisen tuloksen saaneiden osuus
Persentiili vastausten määrän mukaan
Tuloshistoriasi
Et ole pelannut tätä visaa